Divadlo mysli : Pohled za oponu vědomí

Guardado en:
Detalles Bibliográficos
Autor principal: Ingram, Jay (Autor)
Formato: Libro
Lenguaje:checo
Publicado: Praha : dybbuk, 2010
Edición:1. vyd.
Materias:
Etiquetas: Agregar Etiqueta
Sin Etiquetas, Sea el primero en etiquetar este registro!

MARC

LEADER 00000nam a22000003a 4500
001 stu219194
005 20150617230118.8
008 101209s2010----xr------------------cze-d
020 |a 978-80-7438-028-0 
040 |a STU  |b slo 
041 0 |a cze 
044 |a xr 
100 1 |a Ingram, Jay  |4 aut 
245 1 |a Divadlo mysli :  |b Pohled za oponu vědomí 
250 |a 1. vyd. 
260 |a Praha :  |b dybbuk,  |c 2010 
300 |a 285 s 
650 7 |a vedomie  |2 stusub 
996 |c I*4SOA6224  |l I  |s A  |a 24  |w stu219194_0001